000 00483 a2200169 4500
003 OSt
005 20231223144845.0
008 231223b |||||||| |||| 00| 0 eng d
020 _a9789350720486
040 _coclc
082 _a891.43
_bKUM/N
100 _aKumar, Rashmi
_910210
245 _aNAI KAVITA KE MITHAK KAVYA /
_cRashmi Kumar
260 _aNew Delhi:
_bVani Prakashan,
_c2009.
300 _a283p
942 _2ddc
_cBK
_h891.43
_iKUM/N
_k891.43
_mKUM/N
999 _c43556
_d43556